[Event "4.Mansfelder Schloss-Open"]
[Site "Schloss Mansfeld"]
[Date "2019.07.07"]
[Round "7.8"]
[White "Reckner, Jens"]
[Black "Kageler, Anton Paul"]
[Result "0-1"]
[WhiteElo "1764"]
[BlackElo "1563"]
[PlyCount "82"]
[EventDate "2019.??.??"]

1. d4 Nf6 2. Nc3 d5 3. Bf4 c5 4. e3 cxd4 5. Nb5 Qa5+ 6. c3 dxc3 7. bxc3 Na6 8.
Bd3 g6 9. Ne2 Bg7 10. Be5 O-O 11. Qb1 Bd7 12. a4 Rfc8 13. O-O Nc5 14. Bc2 a6
15. Nbd4 Ng4 16. Bxg7 Kxg7 17. Qb4 Qc7 18. Nf3 e5 19. g3 a5 20. Qb2 Ra6 21. Ra3
Rb6 22. Qa1 Nf6 23. Nh4 Nfe4 24. Qc1 Nd6 25. f4 Nc4 26. Ra1 Bg4 27. Nf3 f6 28.
Kg2 Qd7 29. Nfg1 Nb3 30. Bxb3 Rxb3 31. h3 Bf5 32. g4 Be4+ 33. Nf3 Rb2 34. Kf2
Rc2 35. Qd1 Nb2 36. Qxc2 Bxc2 37. fxe5 Nd3+ 38. Kg1 fxe5 39. Ng5 Rf8 40. Rxf8
Kxf8 41. Rf1+ Kg8 0-1

[Event "4.Mansfelder Schloss-Open"]
[Site "Schloss Mansfeld"]
[Date "2019.07.07"]
[Round "7.10"]
[White "Kalliwoda, Enrico"]
[Black "Petersen, Sophie"]
[Result "1/2-1/2"]
[WhiteElo "1754"]
[BlackElo "1430"]
[PlyCount "57"]
[EventDate "2019.??.??"]

1. e4 c5 2. Nf3 d6 3. d4 cxd4 4. Nxd4 Nf6 5. Nc3 a6 6. Be2 e5 7. Nb3 Be7 8. O-O
O-O 9. Be3 Be6 10. Bf3 Nbd7 11. Qe2 Rc8 12. Rfd1 b5 13. a3 Nb6 14. Bxb6 Qxb6
15. Nc1 Rfd8 16. Nd3 a5 17. Rac1 Bc4 18. Qe1 b4 19. axb4 axb4 20. Ne2 b3 21.
Nc3 bxc2 22. Rd2 Bxd3 23. Rxd3 Qxb2 24. Qd2 Qb7 25. Rxc2 Bf8 26. Qe1 Qb3 27.
Rc1 Qe6 28. Rcd1 Rc5 29. h3 1/2-1/2